| 000 | 00488nam a22001457a 4500 | ||
|---|---|---|---|
| 020 | _a978-81-226-1203-5 | ||
| 082 |
_a894.812.3 _bVAS/E |
||
| 100 | _aVASUDEVAN NAIR | ||
| 245 | _aIRUTTINTE ATHMAVU | ||
| 260 |
_aTHRISSUR _bCURRENT BOOKS _c2023 |
||
| 300 | _a108 | ||
| 520 | _aVelayudhan, a mentally retarded person, lives along with his family. He shares everything with Lakshmi, his cousin. He struggles as Lakshmi leaves him and marries and old widower. | ||
| 650 | _aNOVEL | ||
| 942 | _cBK | ||
| 999 |
_c6800 _d6800 |
||